Sports Quiz

Random Sports or Decade Quiz

MLB 250+ Home Runs in a Decade Quiz Stats

Quiz Updated Oct 1, 2017

Challenge
Share
Tweet
Embed
Score 0/85 Timer 15:00
1 Play Today
HR Player % Correct
467Babe Ruth
98.9%
361Barry Bonds
94.7%
317Barry Bonds
94.7%
280Bobby Bonds
93.4%
435Alex Rodriguez
93.2%
332Sammy Sosa
91.2%
273Sammy Sosa
91.1%
405Mark McGwire
91.1%
280Mickey Mantle
86.8%
256Mickey Mantle
86.8%
375Hank Aaron
86.5%
382Ken Griffey
85.8%
300Matt Williams
84.1%
350Willie Mays
82.7%
250Willie Mays
82.7%
347Lou Gehrig
82.2%
366Albert Pujols
81.9%
301Frank Thomas
80.1%
348Manny Ramirez
77.8%
258Aramis Ramirez
77.2%
368Jim Thome
77.2%
270Lee May
75.8%
292Reggie Jackson
74.6%
307David Ortiz
74.1%
415Jimmie Foxx
74%
313Mike Schmidt
73.6%
273Chipper Jones
73.2%
308Andruw Jones
73%
339Juan Gonzalez
71.6%
HR Player % Correct
316Frank Robinson
70.9%
328Rafael Palmeiro
69.1%
393Harmon Killebrew
68.9%
263Jeff Bagwell
68.8%
303Jose Canseco
67.9%
288Frank Howard
66.5%
290Johnny Bench
63.5%
288Cecil Fielder
63.3%
300Willie McCovey
62.8%
351Albert Belle
60.4%
308Mel Ott
60.2%
266Stan Musial
59.8%
262Larry Walker
59.8%
296Willie Stargell
59.4%
274Eddie Murray
58.1%
253Miguel Cabrera
58%
260Todd Helton
57.9%
273Gary Sheffield
57.5%
269Ernie Banks
57.1%
315Vladimir Guerrero
53.5%
300Fred McGriff
53.5%
324Carlos Delgado
53.3%
303Jason Giambi
52.6%
316Adam Dunn
52.6%
256Yogi Berra
51.7%
250Andre Dawson
50.4%
308Dale Murphy
49.7%
326Duke Snider
49.3%
263Mo Vaughn
48.4%
HR Player % Correct
287Greg Vaughn
48.3%
309Lance Berkman
48.2%
299Eddie Mathews
48.1%
295Paul Konerko
47.2%
252Dave Kingman
45.6%
272Jose Bautista
45.2%
255Andres Galarraga
44.3%
291Carlos Lee
44.1%
270Derrek Lee
44.1%
251Carlos Beltran
44%
267Giancarlo Stanton
43.5%
260Jay Buhner
42.5%
256Dwight Evans
41.7%
261Jim Edmonds
39.9%
250Rogers Hornsby
36.5%
289Alfonso Soriano
35%
274Troy Glaus
34.3%
269Edwin Encarnacion
33.1%
254Orlando Cepeda
33%
264Richie Sexson
31.9%
253Ron Santo
31.7%
251Miguel Tejada
31.7%
310Gil Hodges
29%
274Jermaine Dye
27.1%
278Norm Cash
25.9%
252Graig Nettles
25.2%
265Pat Burrell
15.3%

You're not logged in!

Compare scores with friends on all Sporcle quizzes.
Join for Free
OR
Log In

You Might Also Like...

Show Comments

Extras

Top Quizzes Today


Score Distribution

Your Account Isn't Verified!

In order to create a playlist on Sporcle, you need to verify the email address you used during registration. Go to your Sporcle Settings to finish the process.

Report this User

Report this user for behavior that violates our Community Guidelines.

Details: